| 000 | 00972cam a22001934a 4500 | ||
|---|---|---|---|
| 005 | 20250605164002.0 | ||
| 008 | 250528s ||||||||||||||||||||||||d | ||
| 035 | _a15659 | ||
| 020 | _a1556231202 | ||
| 040 |
_aGR-AtMCL _bgre _dGR-AtMCL _eAACR2 |
||
| 245 | 1 | _aStrategic Fixed-Income Investment | |
| 260 |
_bDon Jones-Irwin, _c1990 |
||
| 300 | _a374 | ||
| 520 | _aPreface, Acknowledgements, Publisher's Note, Bond Analysis: An Intergrative Approach, Bond Arithmetics, The Term Structure of Interst Rates, The Forward Yield Curve, Performance Profiles, Duration, Convexity, Treasury Market, The Spot Curve, Forward and Futures Contracts, Bond Options, Corporate Bonds (Investment Grade), Pricing Convertible Bonds, Bonds Analyses and Strategies, Factorization and Its Application in the Fixed-Income Market, Summary, Early Exercise of an Option, Further Readings, Index. | ||
| 700 | 1 |
_aThomas S.Y. Ho _91621 |
|
| 942 | _cBK | ||
| 999 |
_c1222 _d1222 |
||